000 00461nam a2200181 a 4500
001 1765435095248
003 YourLibrary
005 20251213131027.0
008 251211s2010##################000#0#eng##
020 _a9780140455625
082 0 4 _a895.6342NAT
100 1 _aSoseki, Natsume,
_eauthor.
245 1 0 _aSanshiro :
260 _bNational Geographic Books,
_c2010.
650 0 _aFiction.
942 _cENGLISH
040 _aYourLibrary
_beng
_cYourLibrary
999 _c602406
_d602406